000
00310nam a22001337a 4500
008
170612b xxu||||| |||| 00| 0 eng d
020
_a
9781626361393
041
_a
eng
080
_2
6 ED
_a
328
100
_a
19
101
_a
SHP
245
_a
POLITICS MIDDLE EAST NORTH AFRICA
_c
LONG.D
942
_2
udc
_c
BK
999
_c
16989
_d
16989